<?xml version="1.0" encoding="UTF-8"?>
<collection xmlns="http://www.loc.gov/MARC21/slim">
<record>
  <controlfield tag="000">04305cam\a2200529Ia\4500</controlfield>
  <controlfield tag="001">265603</controlfield>
  <controlfield tag="005">20251009110314.0</controlfield>
  <controlfield tag="008">120612s1864\\\\ohuacf\\\d\\\\000\mdeng\d</controlfield>
  <datafield tag="035" ind1=" " ind2=" ">
    <subfield code="a">(OCoLC)ocn795249634</subfield>
  </datafield>
  <datafield tag="040" ind1=" " ind2=" ">
    <subfield code="a">UUM</subfield>
    <subfield code="c">UXG</subfield>
    <subfield code="d">OCLCQ</subfield>
    <subfield code="d">OCLCG</subfield>
    <subfield code="d">UXG</subfield>
    <subfield code="d">UtOrBLW</subfield>
  </datafield>
  <datafield tag="050" ind1=" " ind2="4">
    <subfield code="a">PR2752</subfield>
    <subfield code="b">.S8 1864</subfield>
  </datafield>
  <datafield tag="079" ind1=" " ind2=" ">
    <subfield code="a">ocm04781717</subfield>
  </datafield>
  <datafield tag="100" ind1="1" ind2=" ">
    <subfield code="a">Shakespeare, William,</subfield>
    <subfield code="d">1564-1616,</subfield>
    <subfield code="0">n  78095332,</subfield>
    <subfield code="e">author.</subfield>
  </datafield>
  <datafield tag="240" ind1="1" ind2="0">
    <subfield code="a">Works.</subfield>
    <subfield code="0">n 2021011953.</subfield>
    <subfield code="f">1864.</subfield>
    <subfield code="s">Rickey &amp; Carrol</subfield>
  </datafield>
  <datafield tag="245" ind1="1" ind2="4">
    <subfield code="a">The complete works of Shakspeare :</subfield>
    <subfield code="b">comprising his dramatic and poetical works : accurately printed from the text of the corrected copy left by the late George Steevens : with a glossary and notes and a memoir /</subfield>
    <subfield code="c">by Alex. Chalmers ; in one volume.</subfield>
  </datafield>
  <datafield tag="246" ind1="3" ind2=" ">
    <subfield code="a">Complete works of Shakespeare</subfield>
  </datafield>
  <datafield tag="260" ind1=" " ind2=" ">
    <subfield code="a">Cincinnati :</subfield>
    <subfield code="b">Rickey and Carrol,</subfield>
    <subfield code="c">1864.</subfield>
  </datafield>
  <datafield tag="300" ind1=" " ind2=" ">
    <subfield code="a">ix, 828 p., [9] leaves of plates :</subfield>
    <subfield code="b">ill., port. ;</subfield>
    <subfield code="c">25 cm</subfield>
  </datafield>
  <datafield tag="336" ind1=" " ind2=" ">
    <subfield code="a">text</subfield>
    <subfield code="b">txt</subfield>
    <subfield code="2">rdacontent</subfield>
  </datafield>
  <datafield tag="337" ind1=" " ind2=" ">
    <subfield code="a">unmediated</subfield>
    <subfield code="b">n</subfield>
    <subfield code="2">rdamedia</subfield>
  </datafield>
  <datafield tag="340" ind1=" " ind2=" ">
    <subfield code="p">illustration</subfield>
    <subfield code="p">portrait</subfield>
    <subfield code="2">rdaill</subfield>
  </datafield>
  <datafield tag="340" ind1=" " ind2=" ">
    <subfield code="p">plate</subfield>
  </datafield>
  <datafield tag="500" ind1=" " ind2=" ">
    <subfield code="a">Frontispiece portrait engraved by B. Holl from a work by Houbraken.  Additonal plates engraved by E. Smith, Holbein, P. Heath, and W.H. Worthington from works by Fuseli, Rev. W. Peters, Sir J. Reynolds, Edward, Guido, Canaletto, and West.</subfield>
  </datafield>
  <datafield tag="500" ind1=" " ind2=" ">
    <subfield code="a">"Illustrated with historical steel engravings."</subfield>
  </datafield>
  <datafield tag="500" ind1=" " ind2=" ">
    <subfield code="a">Text in two columns, glossary in three.</subfield>
  </datafield>
  <datafield tag="530" ind1=" " ind2=" ">
    <subfield code="a">Portions also available as a digital reproduction.</subfield>
  </datafield>
  <datafield tag="583" ind1="1" ind2=" ">
    <subfield code="a">mass deacidified</subfield>
    <subfield code="d">20120608</subfield>
    <subfield code="x">EGB</subfield>
    <subfield code="2">pda</subfield>
    <subfield code="5">DFo</subfield>
  </datafield>
  <datafield tag="583" ind1="0" ind2=" ">
    <subfield code="a">revised</subfield>
    <subfield code="c">2017-03</subfield>
    <subfield code="k">EEW</subfield>
    <subfield code="n">1</subfield>
    <subfield code="o">link</subfield>
    <subfield code="x">Luna</subfield>
    <subfield code="2">local</subfield>
    <subfield code="5">DFo</subfield>
  </datafield>
  <datafield tag="583" ind1="0" ind2=" ">
    <subfield code="a">revised</subfield>
    <subfield code="c">2017-05</subfield>
    <subfield code="k">DJL</subfield>
    <subfield code="x">clean-up</subfield>
    <subfield code="2">local</subfield>
    <subfield code="5">DFo</subfield>
  </datafield>
  <datafield tag="585" ind1=" " ind2=" ">
    <subfield code="a">Washington, D.C., Folger Shakespeare Library, 2007. Shakespeare in American Life.</subfield>
    <subfield code="5">DFo</subfield>
  </datafield>
  <datafield tag="700" ind1="1" ind2=" ">
    <subfield code="a">Steevens, George,</subfield>
    <subfield code="d">1736-1800.</subfield>
    <subfield code="0">n  50023630 </subfield>
  </datafield>
  <datafield tag="700" ind1="1" ind2=" ">
    <subfield code="a">Chalmers, Alexander,</subfield>
    <subfield code="d">1759-1834.</subfield>
    <subfield code="0">n  90655549 </subfield>
  </datafield>
  <datafield tag="700" ind1="1" ind2=" ">
    <subfield code="a">Holl, Benjamin,</subfield>
    <subfield code="d">1808-1884,</subfield>
    <subfield code="0">nr2002029479,</subfield>
    <subfield code="e">printmaker.</subfield>
  </datafield>
  <datafield tag="700" ind1="1" ind2=" ">
    <subfield code="a">Heath, James,</subfield>
    <subfield code="d">1757-1834m,</subfield>
    <subfield code="e">printmaker.</subfield>
  </datafield>
  <datafield tag="700" ind1="1" ind2=" ">
    <subfield code="a">Smith, Edward,</subfield>
    <subfield code="d">active 1823-1851,</subfield>
    <subfield code="0">nr2002044640,</subfield>
    <subfield code="e">printmaker.</subfield>
  </datafield>
  <datafield tag="700" ind1="1" ind2=" ">
    <subfield code="a">Worthington, William Henry,</subfield>
    <subfield code="d">approximately 1795-approximately 1839,</subfield>
    <subfield code="0">nr 97044945,</subfield>
    <subfield code="e">printmaker.</subfield>
  </datafield>
  <datafield tag="700" ind1="1" ind2=" ">
    <subfield code="a">Holbein, Hans,</subfield>
    <subfield code="d">1497?-1543,</subfield>
    <subfield code="0">n  81117179,</subfield>
    <subfield code="e">printmaker.</subfield>
  </datafield>
  <datafield tag="700" ind1="1" ind2=" ">
    <subfield code="a">Houbraken, Jacobus,</subfield>
    <subfield code="d">1698-1780,</subfield>
    <subfield code="0">no2005063124,</subfield>
    <subfield code="e">illustrator.</subfield>
  </datafield>
  <datafield tag="700" ind1="1" ind2=" ">
    <subfield code="a">Fuseli, Henry,</subfield>
    <subfield code="d">1741-1825,</subfield>
    <subfield code="0">n  79021856,</subfield>
    <subfield code="e">artist.</subfield>
  </datafield>
  <datafield tag="700" ind1="1" ind2=" ">
    <subfield code="a">Peters, Matthew William,</subfield>
    <subfield code="d">1741 or 1742-1814,</subfield>
    <subfield code="0">nr 94034212,</subfield>
    <subfield code="e">illustrator.</subfield>
  </datafield>
  <datafield tag="700" ind1="1" ind2=" ">
    <subfield code="a">Reynolds, Joshua,</subfield>
    <subfield code="c">Sir,</subfield>
    <subfield code="d">1723-1792,</subfield>
    <subfield code="0">n  84168483,</subfield>
    <subfield code="e">illustrator.</subfield>
  </datafield>
  <datafield tag="700" ind1="1" ind2=" ">
    <subfield code="a">Reni, Guido,</subfield>
    <subfield code="d">1575-1642,</subfield>
    <subfield code="0">n  80021717,</subfield>
    <subfield code="e">illustrator.</subfield>
  </datafield>
  <datafield tag="700" ind1="0" ind2=" ">
    <subfield code="a">Canaletto,</subfield>
    <subfield code="d">1697-1768,</subfield>
    <subfield code="0">n  79065963,</subfield>
    <subfield code="e">illustrator.</subfield>
  </datafield>
  <datafield tag="700" ind1="1" ind2=" ">
    <subfield code="a">West, Benjamin,</subfield>
    <subfield code="d">1738-1820,</subfield>
    <subfield code="0">n  50003451,</subfield>
    <subfield code="e">illustrator.</subfield>
  </datafield>
  <datafield tag="700" ind1="1" ind2=" ">
    <subfield code="a">Kittenger, M. S.,</subfield>
    <subfield code="d">active 1865,</subfield>
    <subfield code="e">associated name.</subfield>
    <subfield code="5">DFo</subfield>
  </datafield>
  <datafield tag="700" ind1="1" ind2=" ">
    <subfield code="a">Barton, Clara,</subfield>
    <subfield code="d">1821-1912,</subfield>
    <subfield code="0">n  80009727,</subfield>
    <subfield code="e">former owner.</subfield>
    <subfield code="5">DFo</subfield>
  </datafield>
  <datafield tag="700" ind1="1" ind2=" ">
    <subfield code="a">Hubbell, Julian B.</subfield>
    <subfield code="q">(Julian Bertine),</subfield>
    <subfield code="d">1847-1929,</subfield>
    <subfield code="0">n 2004115555,</subfield>
    <subfield code="e">former owner.</subfield>
    <subfield code="5">DFo</subfield>
  </datafield>
  <datafield tag="852" ind1="0" ind2=" ">
    <subfield code="a">US-DFo</subfield>
    <subfield code="b">DeckC-Rare</subfield>
    <subfield code="h">PR2752</subfield>
    <subfield code="i">1864h Sh.Col.</subfield>
    <subfield code="x">EGB 20120608</subfield>
    <subfield code="z">Inscription: Presented to Miss Clara Barton by her friend M.S. Kittinger, in remembrance of the many valuable services rendered to the sick and wounded at the Flying Hospital 10th Army Corps in front of Richmond, V.A., Lockport, Feb. 22, 1865. Goatskin binding, with blind and gold tooling; gilt edges. Calling card of M.S. Kittenger M.D. laid in. Bookplate: "... At Miss Barton's death the book became the property of her associate in Red Cross work, Dr. Julian B. Hubbell, after whose death it was presented to the Folger Shakespeare Library by his niece, Miss Rena D. Hubbell.</subfield>
    <subfield code="7">351318</subfield>
    <subfield code="j">No case or acc. number present</subfield>
  </datafield>
  <datafield tag="856" ind1="4" ind2="1">
    <subfield code="u">https://digitalcollections.folger.edu/bib265603-351318</subfield>
    <subfield code="z">Digital image(s) of Folger Shakespeare Library PR2752 1864h Sh.Col</subfield>
  </datafield>
  <datafield tag="909" ind1="C" ind2="O">
    <subfield code="o">oai:catalog.folger.edu:265603</subfield>
    <subfield code="p">GLOBAL_SET</subfield>
  </datafield>
  <datafield tag="980" ind1=" " ind2=" ">
    <subfield code="a">BIB</subfield>
  </datafield>
  <datafield tag="983" ind1=" " ind2=" ">
    <subfield code="a">Online</subfield>
  </datafield>
  <datafield tag="983" ind1=" " ind2=" ">
    <subfield code="a">Vault</subfield>
  </datafield>
</record>
</collection>